| 000 | 00367nam a2200157Ia 4500 | ||
|---|---|---|---|
| 008 | 210210b1936 xxu||||| |||| 00| 0 eng d | ||
| 041 | _aeng | ||
| 082 | _a825/301 | ||
| 100 | _aELLIS (Fermor) | ||
| 245 | _aJacobean drama | ||
| 260 |
_aLondon _bMethuen & Co Ltd. _c1936 |
||
| 650 | _aJacobean | ||
| 650 | _adrama | ||
| 690 | _aEnglish Criticism | ||
| 906 | _a014618 | ||
| 999 |
_c133814 _d133814 |
||